[Event "Cheboksary Sergievskiy Memorial Rapid"]
[Site "Cheboksary"]
[Date "2021.04.10"]
[Round "8"]
[White "Temnov, Andrei"]
[Black "Savitskiy, Sergey"]
[Result "0-1"]
[WhiteElo "1928"]
[BlackElo "2437"]
[PlyCount "104"]
[EventDate "2021.04.09"]
[EventType "swiss (rapid)"]
[EventRounds "11"]
[EventCountry "RUS"]
[SourceTitle "CBM 201 Extra"]
[Source "ChessBase"]
[SourceDate "2021.05.31"]
[SourceVersion "1"]
[SourceVersionDate "2021.05.31"]
[SourceQuality "1"]

1. e4 c5 2. Nf3 d6 3. d4 cxd4 4. Nxd4 Nf6 5. Nc3 Nc6 6. Bb5 Bd7 7. 0-0 g6 8. Be3 Bg7 9. Qd2 Ng4 10. Nxc6 bxc6 11. Be2 Nxe3 12. Qxe3 0-0 13. Rad1 Qb6 14. Qxb6 axb6 15. Bc4 b5 16. Bb3 b4 17. Na4 Bg4 18. f3 Be6 19. Bxe6 fxe6 20. b3 c5 21. Kf2 h5 22. Ke2 h4 23. g3 h3 24. f4 Bd4 25. Kf3 Rxa4 26. bxa4 Ra8 27. Kg4 Rxa4 28. f5 exf5+ 29. exf5 Bf6 30. fxg6 b3+ 31. Kxh3 bxa2 32. Rxf6 exf6 33. Ra1 Kg7 34. Kg2 Kxg6 35. Kf3 d5 36. Kf2 Kg5 37. h3 d4 38. Ke2 Ra3 39. Kf2 f5 40. Kg2 Kf6 41. Kf2 Ke5 42. Kg2 Kd5 43. h4 Ke5 44. h5 Kf6 45. Kh3 Kg5 46. h6 Kxh6 47. Kh4 Kg6 48. g4 c4 49. g5 d3 50. cxd3 cxd3 51. Kg3 d2+ 52. Kh4 Ra4+ 0-1